000 00406nam a2200169Ia 4500
001 16732
003 IN-NITTTR
005 20251114233158.0
008 251113s9999||||xx |||||||||||||| ||eng||
040 _beng
040 _cIN-NITTTR
041 _aeng
082 _a291.13 G787N R
100 _aGraves, Robert.
245 0 _aNew larousse encyclopedia of mythology. /
_cGraves, Robert.
942 _2ddc
_cBK
999 _c19366
_d19366